Sustainable development (Record no. 109598)

MARC details
000 -LEADER
fixed length control field 01556cad a22002535a 4500
001 - CONTROL NUMBER
control field L147516
008 - FIXED-LENGTH DATA ELEMENTS--GENERAL INFORMATION
fixed length control field 090519s2006 xxk f s s000 0 eng d
020 ## - INTERNATIONAL STANDARD BOOK NUMBER
International Standard Book Number 0755929667
022 1# - INTERNATIONAL STANDARD SERIAL NUMBER
International Standard Serial Number 0950-2254
035 ## - SYSTEM CONTROL NUMBER
System control number (Sirsi) u147516
041 0# - LANGUAGE CODE
Language code of text/sound track or separate title eng
050 04 - LIBRARY OF CONGRESS CALL NUMBER
Classification number 333.72 $2 18
110 1# - MAIN ENTRY--CORPORATE NAME
Corporate name or jurisdiction name as entry element University of Westminster
Subordinate unit Centre for Sustainable Development
9 (RLIN) 5733
245 00 - TITLE STATEMENT
Title Sustainable development
Remainder of title a review of international literature
Medium [electronic resource]
260 ## - PUBLICATION, DISTRIBUTION, ETC.
Place of publication, distribution, etc. [Edinburgh]
Name of publisher, distributor, etc. Scottish Executive Social Research
Date of publication, distribution, etc. 2006
505 2# - FORMATTED CONTENTS NOTE
Formatted contents note Acknowledgements - Executive summary -- Introduction -- The Scottish context -- Theories and principles for sustainable development -- Food -- Sustainable procurement -- Sustainable consumption -- Green jobs and enterprise -- The built environment -- Environmental protection -- Education for sustainable development -- Environmental justice -- Critical overview and conclusions -- References -- Annexes
520 ## - SUMMARY, ETC.
Summary, etc. Provides an overview of recent and current academic and "expert" literature and issues relating to various areas of sustainable development, and considers these in the light of principles and priorities for sustainable development in Scotland.
521 ## - TARGET AUDIENCE NOTE
Target audience note Advanced
651 #4 - SUBJECT ADDED ENTRY--GEOGRAPHIC NAME
Geographic name International
690 ## - LOCAL SUBJECT ADDED ENTRY--TOPICAL TERM (OCLC, RLIN)
Topical term or geographic name as entry element ENVIRONMENTAL AND LAND CONSULTANCY-SUSTAINABILITY-SUSTAINABLE DEVELOPMENT
710 1# - ADDED ENTRY--CORPORATE NAME
Corporate name or jurisdiction name as entry element University of Strathclyde
Subordinate unit Law School
9 (RLIN) 5734
856 40 - ELECTRONIC LOCATION AND ACCESS
Uniform Resource Identifier <a href="https://www.scotland.gov.uk/Publications/2006/05/23091323/0">https://www.scotland.gov.uk/Publications/2006/05/23091323/0</a>
Public note View the report free of charge at www.scotland.gov.uk...
942 ## - ADDED ENTRY ELEMENTS (KOHA)
Suppress in OPAC 0
Holdings
Withdrawn status Lost status Source of classification or shelving scheme Damaged status Not for loan Home library Current library Shelving location Date acquired Total Checkouts Full call number Barcode Date last seen Copy number Price effective from Koha item type
    Dewey Decimal Classification     Virtual Virtual Online 19/05/2009   ONLINE PUBLICATION 147516-2001 06/08/2019 1 06/08/2019 Book